| 000 | 01040nam a2200241Ia 4500 | ||
|---|---|---|---|
| 999 |
_c40207 _d40207 |
||
| 001 | 6814 | ||
| 003 | GE_BSU | ||
| 005 | 20200121171638.0 | ||
| 008 | 181216s1970||||ge |||||||||||||| ||geo|| | ||
| 040 | _cGE_BSU | ||
| 041 | _ageo | ||
| 080 | _a821.353.1-31 გ-61 | ||
| 100 |
_aგოგოლაძე, თენგიზ. _96298 |
||
| 245 |
_aკაცი კაცითა წიგნი 2 : _bრომანი / _cთენგიზ გოგოლაძე ; რედ. გრ. ჩიქოვანი ; მხატვ. დ. დუნდუა, თ. სამსონაძე. |
||
| 264 |
_aთბილისი : _bმერანი, _c1970. |
||
| 300 |
_a357 გვ.; _c21 სმ. |
||
| 653 | _aკაცი კაცითა | ||
| 653 | _aრომანი | ||
| 700 |
_aჩიქოვანი, გრ. _eრედაქტორი _93717 |
||
| 700 |
_aდუნდუა, დ. _eმხატვარი _94812 |
||
| 700 |
_aსამსონაძე, თ. _eმხატვარი _94788 |
||
| 942 |
_cBK _2udc |
||